Taylor Swift Folklore - Sudden Death - Statistics

General Stats
  • This quiz has been taken 556 times
  • The average score is 11 of 17
Answers on the Grid
Answers color-coded by a green-red scale on the quiz's grid according to % correct below.
mirrorball
the 1
i hate it here
cardigan
woodvale
holiday house
seven
mad woman
this is me trying
exile
snow on the beach
the alcott
the last great american dynasty
labyrinth
the lakes
the great war
hoax
masquerade revelers
enchanted
invisible string
betty
renegade
my tears ricochet
illicit affairs
epiphany
peace
willow
delicate
tolerate it
august
 
Answer Stats
Answer % Correct
cardigan
81%
mirrorball
80%
the 1
77%
exile
72%
the last great american dynasty
72%
betty
67%
this is me trying
67%
seven
65%
mad woman
64%
illicit affairs
63%
hoax
62%
invisible string
62%
my tears ricochet
62%
the lakes
60%
august
59%
epiphany
59%
peace
56%
No matching quizzes found
Score Distribution
Percent of People with Each Score
Percentile by Number Answered
Your Score History
You have not taken this quiz